[Event "Frankfurt Ch 2006"]
[Site "Ffm-Kalbach, LAZ"]
[Date "2006.05.08"]
[Round "3.65"]
[White "Pluns, Matthias"]
[Black "Zuyev, Lisa"]
[Result "1-0"]
[WhiteElo "1478"]
[BlackElo "1060"]
[PlyCount "121"]
[EventDate "2006.??.??"]

1. d4 d5 2. c4 dxc4 3. Nf3 Bf5 4. e3 Nf6 5. Bxc4 e6 6. Nc3 Be7 7. Qb3 Nbd7 8.
Qxb7 O-O 9. Qb3 Rb8 10. Qd1 Bb4 11. O-O Bxc3 12. bxc3 Be4 13. Bd3 Ba8 14. Ba3
Re8 15. Qc2 Bxf3 16. gxf3 h6 17. Kh1 e5 18. Bc1 c5 19. Bb2 cxd4 20. cxd4 Qb6
21. Rab1 Qe6 22. dxe5 Nxe5 23. Bxe5 Qxe5 24. Rfc1 Qd5 25. Qe2 Rbd8 26. Rd1 Qh5
27. Rg1 Nd5 28. f4 Qxe2 29. Bxe2 Nxf4 30. Bb5 Nh3 31. Bxe8 Nxg1 32. Bxf7+ Kxf7
33. Rb7+ Kf6 34. Kxg1 Ra8 35. Kg2 a5 36. a4 Ra6 37. Rb5 g5 38. Kg3 Kg6 39. h4
gxh4+ 40. Kxh4 Rf6 41. Rxa5 Rxf2 42. Ra6+ Kg7 43. Kg3 Re2 44. Kf3 Re1 45. a5
Ra1 46. Ra7+ Kf6 47. a6 Ke6 48. Rh7 Ra5 49. Rxh6+ Kd7 50. a7 Kc8 51. a8=Q+ Rxa8
52. Rh8+ Kb7 53. Rxa8 Kxa8 54. Ke4 Kb7 55. Kd5 Kc7 56. Ke6 Kc6 57. e4 Kc7 58.
Ke7 Kc6 59. e5 Kc7 60. e6 Kc8 61. Ke8 1-0

[Event "Frankfurt Ch 2006"]
[Site "Ffm-Kalbach, LAZ"]
[Date "2006.05.08"]
[Round "3.66"]
[White "Liebert, Monika"]
[Black "Kletzerman, Simon"]
[Result "0-1"]
[WhiteElo "1105"]
[BlackElo "1461"]
[PlyCount "52"]
[EventDate "2006.??.??"]

1. e4 e5 2. Nf3 Nc6 3. d4 exd4 4. Nxd4 Bc5 5. Be3 Nxd4 6. Bxd4 Bxd4 7. Qxd4 Nf6
8. Nc3 O-O 9. Bd3 Ne8 10. O-O d6 11. Rfe1 c5 12. Qe3 Nc7 13. Nd5 Be6 14. c4
Nxd5 15. exd5 Bd7 16. b3 Re8 17. Qd2 Qf6 18. Rac1 b6 19. Rxe8+ Rxe8 20. Re1
Rxe1+ 21. Qxe1 g6 22. g3 Kg7 23. Qc1 Qf3 24. Bf1 Bf5 25. Qb2+ f6 26. Qc1 Be4
0-1

[Event "Frankfurt Ch 2006"]
[Site "Ffm-Kalbach, LAZ"]
[Date "2006.05.08"]
[Round "3.68"]
[White "Baqui, Khalid"]
[Black "Troeger, Beate"]
[Result "1/2-1/2"]
[WhiteElo "1367"]
[BlackElo "798"]
[PlyCount "167"]
[EventDate "2006.??.??"]

1. e4 e5 2. d3 Nf6 3. Be2 Nc6 4. Nf3 d6 5. O-O Be7 6. Be3 O-O 7. Nc3 b6 8. a3
Bb7 9. Nh4 Nd4 10. Bxd4 exd4 11. Na2 Nxe4 12. dxe4 Bxh4 13. Qxd4 Bf6 14. Qd3
Bxb2 15. Rad1 Re8 16. Bf3 a5 17. Qb3 Be5 18. Nc3 Bxc3 19. Qxc3 Bxe4 20. Bxe4
Rxe4 21. Rd3 Re5 22. Rg3 g6 23. f4 Rc5 24. Qb3 a4 25. Qd3 f5 26. Re1 Qf6 27.
Rge3 Qf7 28. Re7 Qc4 29. Qf3 Qd4+ 30. Kh1 Rf8 31. Qe2 Qxf4 32. Qe6+ Kh8 33. Re8
Rxe8 34. Qxe8+ Kg7 35. Re7+ Kh6 36. h3 Qf1+ 37. Kh2 Rxc2 38. Rxh7+ Kxh7 39.
Qf7+ Kh6 40. Qf8+ Kg5 41. Qe7+ Kf4 42. Qh4+ Ke5 43. Qe7+ Kd5 44. Qf7+ Kc5 45.
Qxc7+ Kb5 46. Qxc2 Qf4+ 47. g3 Qc4 48. Qb2+ Qb3 49. Qe2+ Kc5 50. Qf2+ Kc6 51.
Qe2 Qxa3 52. Qc4+ Kd7 53. Qf7+ Kc6 54. Qe8+ Kd5 55. Qb5+ Qc5 56. Qxa4 Qf2+ 57.
Kh1 Qf3+ 58. Kh2 Qf2+ 59. Kh1 Qxg3 60. Qb5+ Ke6 61. Qe2+ Kd5 62. Qb5+ Ke6 63.
Qe8+ Kd5 64. Qb5+ Ke6 65. Qe8+ Kf6 66. Qd8+ Ke5 67. Qe8+ Kd4 68. Qa4+ Ke5 69.
Qa1+ Ke6 70. Qa2+ d5 71. Qe2+ Qe5 72. Qf2 Qe4+ 73. Kh2 Ke5 74. Qb2+ Qd4 75.
Qe2+ Kd6 76. Qa2 Qe5+ 77. Kh1 Qe4+ 78. Kh2 Ke5 79. Qb2+ Qd4 80. Qe2+ Qe4 81.
Qb2+ d4 82. Qb5+ Kf4 83. Qf1+ Ke5 84. Qb5+ 1/2-1/2